000 00553 a2200193 4500
001 61433
005 20260407155905.0
008 260407a1947 arg spa d
003 AR-UNSa-BCEJYS
040 _aAR-UNSa-BCEJYS
_bspa
_cAR-UNSa-BCEJYS
080 _a347.4
_xObligaciones. Contratos. Acuerdos. Convenios
245 1 0 _aDerecho civil
_pTratado de las obligaciones
264 1 _aBuenos Aires :
_bEDIAR
_c1947
300 _a2 v.
_c26 cm.
041 _aspa
942 _cBK
590 _aniveau_biblio:m niveau_hierar:0
100 1 _aLafaille, Héctor
999 _c7313
_d7313